Entry Personal Name
Number of records used in: 1
001 - CONTROL NUMBER
003 - CONTROL NUMBER IDENTIFIER
005 - DATE AND TIME OF LATEST TRANSACTION
- control field:
20231007160533.0
008 - FIXED-LENGTH DATA ELEMENTS
- fixed length control field:
790629n| azannaabn |b aaa
010 ## - LIBRARY OF CONGRESS CONTROL NUMBER
- LC control number:
n 79056062
024 7# - OTHER STANDARD IDENTIFIER
- Standard number or code:
0000000121496808
- Source of number or code:
isni
024 7# - OTHER STANDARD IDENTIFIER
- Standard number or code:
122035954
- Source of number or code:
viaf
024 7# - OTHER STANDARD IDENTIFIER
- Standard number or code:
Q134456
- Source of number or code:
wikidata
035 ## - SYSTEM CONTROL NUMBER
- System control number:
(OCoLC)oca00289169
040 ## - CATALOGING SOURCE
- Original cataloging agency:
DLC
- Language of cataloging:
eng
- Description conventions:
rda
- Transcribing agency:
DLC
- Modifying agency:
DLC-R
- Modifying agency:
OCoLC
- Modifying agency:
DLC
- Modifying agency:
DLC-R
- Modifying agency:
WaU
- Modifying agency:
OCoLC
- Modifying agency:
UPB
- Modifying agency:
DLC
- Modifying agency:
CaStEAL
- Modifying agency:
NNC
- Modifying agency:
NNU
- Modifying agency:
DLC
046 ## - SPECIAL CODED DATES
- Birth date:
1925-01-14
- Death date:
1970-11-25
- Source of date scheme:
edtf
053 #0 - LC CLASSIFICATION NUMBER
- Classification number element--single number or beginning number of span:
PL833.I7
100 1# - HEADING--PERSONAL NAME
- Personal name:
Mishima, Yukio,
- Dates associated with a name:
1925-1970
370 ## - ASSOCIATED PLACE
- Place of birth:
Japan
- Source of term:
naf
374 ## - OCCUPATION
- Occupation:
Authors
- Occupation:
Dramatists
- Occupation:
Civil servants
- Occupation:
Novelists
- Occupation:
Essayists
- Source of term:
lcsh
377 ## - ASSOCIATED LANGUAGE
400 1# - SEE FROM TRACING--PERSONAL NAME
- Personal name:
Sandao, Youjifu,
- Dates associated with a name:
1925-1970
400 1# - SEE FROM TRACING--PERSONAL NAME
- Personal name:
Misima, Yuk'io,
- Dates associated with a name:
1925-1970
400 1# - SEE FROM TRACING--PERSONAL NAME
- Personal name:
Samdo, Yugibu,
- Dates associated with a name:
1925-1970
400 1# - SEE FROM TRACING--PERSONAL NAME
- Personal name:
Мисима, Юкио,
- Dates associated with a name:
1925-1970
400 1# - SEE FROM TRACING--PERSONAL NAME
- Personal name:
三島由紀夫,
- Dates associated with a name:
1925-1970
400 1# - SEE FROM TRACING--PERSONAL NAME
- Personal name:
مىشيما، يوكيو،
- Dates associated with a name:
1925-1970
400 1# - SEE FROM TRACING--PERSONAL NAME
- Personal name:
ميشيما، يوكيو،
- Dates associated with a name:
19251970
400 1# - SEE FROM TRACING--PERSONAL NAME
- Personal name:
三岛由紀夫,
- Dates associated with a name:
1925-1970
400 1# - SEE FROM TRACING--PERSONAL NAME
- Personal name:
三岛由纪夫,
- Dates associated with a name:
1925-1970
400 1# - SEE FROM TRACING--PERSONAL NAME
- Personal name:
三島由纪夫,
- Dates associated with a name:
1925-1970
500 1# - SEE ALSO FROM TRACING--PERSONAL NAME
- Control subfield:
r
- Relationship information:
Real identity:
- Personal name:
Hiraoka, Kimitake,
- Dates associated with a name:
1925-1970
670 ## - SOURCE DATA FOUND
- Source citation:
His The sound of waves, 1956.
670 ## - SOURCE DATA FOUND
- Source citation:
Ilbon munhak, sasang myŏngjŏ sajŏn, 1993:
- Information found:
t.p. (Mishima Yukio [jpn r.]; Misima Yuk'io [kor. r.] ; Samdo Yugibu [kor. r.])
670 ## - SOURCE DATA FOUND
- Source citation:
NUCMC data from Boston University, Dept. of Special Collections for Yukio Mishima collection, 1951-1958
- Information found:
(Yukio Mishima is pseud. for Kimitake Hiraoka; Japanese novelist, playwright, essayist, and civil servant)
670 ## - SOURCE DATA FOUND
- Source citation:
Wikipedia, July 28, 2008
- Information found:
(Yukio Mishima (三島 由紀夫, Mishima Yukio) was the public name of Kimitake Hiraoka (平岡 公威, Hiraoka Kimitake, Jan. 14, 1925-Nov. 25, 1970), a Japanese author and playwright)